[Event "PRO League Group Stage"]
[Site "chess.com INT"]
[Date "2019.03.12"]
[Round "10"]
[White "Guseinov, Gadir"]
[Black "Eljanov, Pavel"]
[Result "1/2-1/2"]
[WhiteTitle "GM"]
[BlackTitle "GM"]
[WhiteElo "2664"]
[BlackElo "2680"]
[WhiteTeam "Montclair Sopranos"]
[BlackTeam "Miami Champions"]
[WhiteFideId "13401378"]
[BlackFideId "14102951"]
[EventDate "2019.01.08"]

1. e4 c6 2. d4 d5 3. Nc3 dxe4 4. Nxe4 Bf5 5. Ng3 Bg6 6. h4 h6 7. Nf3 e6 8. Ne5
Bh7 9. Bd3 Bxd3 10. Qxd3 Nd7 11. Bf4 Nxe5 12. Bxe5 Qa5+ 13. c3 Nf6 14. O-O Ng4
15. Rad1 Nxe5 16. dxe5 Rd8 17. Qxd8+ Qxd8 18. Rxd8+ Kxd8 19. Rd1+ Kc7 20. h5 Be7
21. Kf1 Rd8 22. Rxd8 Kxd8 23. Ne4 f6 24. g4 fxe5 25. Ke2 Ke8 26. Kd3 Kf7 27. a4
g6 28. hxg6+ Kxg6 29. Nd2 Kg5 30. f3 Kf4 31. Ke2 b5 32. b3 bxa4 33. bxa4 Bc5 34.
Ne4 Bb6 35. Nf6 Kg5 36. Ne4+ Kf4 37. Nf6 Kg5 38. Nh7+ Kf4 39. Nf6 1/2-1/2

[Event "PRO League Group Stage"]
[Site "chess.com INT"]
[Date "2019.03.12"]
[Round "10"]
[White "Iturrizaga Bonelli, Eduardo"]
[Black "Checa, Nicolas"]
[Result "0-1"]
[WhiteTitle "GM"]
[BlackTitle "IM"]
[WhiteElo "2637"]
[BlackElo "2508"]
[WhiteTeam "Miami Champions"]
[BlackTeam "Montclair Sopranos"]
[WhiteFideId "3901211"]
[BlackFideId "2069342"]
[EventDate "2019.01.08"]

1. c4 Nf6 2. g3 c6 3. Nf3 d5 4. b3 Bf5 5. Bg2 e6 6. O-O h6 7. Bb2 Nbd7 8. d3 Be7
9. Nbd2 O-O 10. a3 a5 11. Ra2 Qb6 12. Qa1 Rfd8 13. Bc3 Qc7 14. Ne5 Ne8 15. Ndf3
Nxe5 16. Bxe5 Qb6 17. Rc1 Bc5 18. Bd4 Bxd4 19. Nxd4 Bg6 20. c5 Qc7 21. b4 a4 22.
f4 e5 23. fxe5 Qxe5 24. Kh1 Qe3 25. Rf1 Nf6 26. Rf4 h5 27. Qg1 Qe5 28. Nf3 Qe7
29. Bh3 Re8 30. Nd4 Nh7 31. Ra1 Ng5 32. Bg2 Ne6 33. Nxe6 Qxe6 34. Bf3 Qe5 35.
Qd4 f6 36. Rb1 Bf7 37. b5 Ra5 38. bxc6 bxc6 39. Kg2 Rea8 40. Qxe5 fxe5 41. Rf5
R8a7 42. Rb8+ Kh7 43. Rxe5 Rxc5 44. Bxh5 Bxh5 45. Rxh5+ Kg6 46. Re5 Rc3 47. Rc8
Kf6 48. Rxd5 Rxa3 49. Rxc6+ Ke7 50. Rdc5 Kd7 51. Rg6 Ke8 52. Rgg5 Rb3 53. Ra5
Rbb7 54. Rxa7 Rxa7 55. Rb5 a3 56. Rb1 Kd7 57. Kf3 Kd6 58. Ke3 Kc5 59. Kd2 a2 60.
Ra1 Kb4 61. e4 Kb3 62. Ke3 Kb2 63. Rxa2+ Rxa2 64. e5 Kc3 65. h4 Ra4 66. h5 Rb4
67. e6 Rb6 68. g4 Rxe6+ 69. Kf4 Kxd3 70. Kf5 Ra6 71. g5 Ke3 72. g6 Kf3 73. h6
Ra5+ 74. Ke6 gxh6 0-1

[Event "PRO League Group Stage"]
[Site "chess.com INT"]
[Date "2019.03.12"]
[Round "10"]
[White "Sturt, Raven"]
[Black "Wang, Tianqi"]
[Result "1-0"]
[WhiteTitle "IM"]
[WhiteElo "2429"]
[BlackElo "2329"]
[WhiteTeam "Montclair Sopranos"]
[BlackTeam "Miami Champions"]
[WhiteFideId "2007304"]
[BlackFideId "2063824"]
[EventDate "2019.01.08"]

1. d4 Nf6 2. Nf3 e6 3. Bf4 c5 4. e3 cxd4 5. exd4 Nc6 6. Nbd2 d5 7. c3 Nh5 8. Be3
Bd6 9. Ne5 g6 10. g4 Ng7 11. Bb5 Bd7 12. Nxd7 Qxd7 13. Qf3 O-O 14. O-O-O a6 15.
Bd3 f5 16. Bh6 fxg4 17. Qxg4 Rxf2 18. h4 Nf5 19. Qg1 Bg3 20. Bxf5 Rxf5 21. Qxg3
Rc8 22. Kb1 1-0

[Event "PRO League Group Stage"]
[Site "chess.com INT"]
[Date "2019.03.12"]
[Round "10"]
[White "Saric, Ivan"]
[Black "Caruana, Fabiano"]
[Result "1/2-1/2"]
[WhiteTitle "GM"]
[BlackTitle "GM"]
[WhiteElo "2690"]
[BlackElo "2828"]
[WhiteTeam "Montreal Chessbrahs"]
[BlackTeam "Saint Louis Arch Bishops"]
[WhiteFideId "14508150"]
[BlackFideId "2020009"]
[EventDate "2019.01.08"]

1. e4 e6 2. d4 d5 3. Nc3 Bb4 4. e5 Qd7 5. Qg4 f5 6. Qh5+ Qf7 7. Qf3 Nc6 8. Ne2
Nge7 9. a3 Ba5 10. h4 Bd7 11. Be3 O-O-O 12. O-O-O Kb8 13. Qg3 a6 14. Kb1 g6 15.
h5 gxh5 16. Qh4 Be8 17. Bg5 Rc8 18. Na2 Bb6 19. Nb4 Nxb4 20. Bxe7 Nc6 21. Bf6
Rg8 22. f3 Qd7 23. Qe1 Bg6 24. Rh4 Rgf8 25. Nf4 Rce8 26. Qc3 Rxf6 27. exf6 Qf7
28. g3 Qxf6 29. Nxh5 Bxh5 30. Rxh5 Bxd4 31. Qb3 Bb6 32. Rxh7 Qg6 33. Rh3 Ne5 34.
Re1 Nf7 35. c4 dxc4 36. Bxc4 Nd6 37. Bd3 e5 38. Bc2 Qg5 39. f4 Qg7 40. Rxe5 Rxe5
41. fxe5 Qxe5 42. Qg8+ Ka7 43. Rh8 Bd4 44. Qb8+ Kb6 45. Rh7 Qc5 46. Qg8 Be5 47.
Qb3+ Ka7 48. Ka2 Nc4 49. Bxf5 Bxb2 50. Bd3 Na5 51. Qxb2 Qd5+ 52. Ka1 Qxd3 53.
Rxc7 Qd1+ 54. Ka2 Qd5+ 55. Ka1 Nc4 56. Qf2+ Kb8 57. Rxc4 Qxc4 58. Qf4+ Qxf4 59.
gxf4 Kc7 60. Kb2 b5 61. Kc3 a5 62. Kd4 Kd6 63. f5 b4 64. axb4 axb4 65. Kc4 Ke5
66. Kxb4 Kxf5 1/2-1/2

[Event "PRO League Group Stage"]
[Site "chess.com INT"]
[Date "2019.03.12"]
[Round "10"]
[White "So, Wesley"]
[Black "Hansen, Eric"]
[Result "1-0"]
[WhiteTitle "GM"]
[BlackTitle "GM"]
[WhiteElo "2765"]
[BlackElo "2615"]
[WhiteTeam "Saint Louis Arch Bishops"]
[BlackTeam "Montreal Chessbrahs"]
[WhiteFideId "5202213"]
[BlackFideId "2606771"]
[EventDate "2019.01.08"]

1. e4 e5 2. Nf3 Nc6 3. Bb5 Nf6 4. d3 Bc5 5. O-O Nd4 6. Nxd4 Bxd4 7. c3 Bb6 8.
Ba4 O-O 9. Bg5 h6 10. Bh4 d6 11. Nd2 g5 12. Bg3 Bg4 13. Qe1 a6 14. Nc4 Ba7 15.
Ne3 Be6 16. Qe2 h5 17. h3 Kg7 18. Rad1 Rh8 19. Bb3 Qd7 20. Bh2 Rag8 21. d4 exd4
22. cxd4 Bxb3 23. Nf5+ Kh7 24. axb3 Re8 25. Qf3 Rxe4 26. Nxd6 cxd6 27. Qxf6 Rg8
28. Qf3 Re6 29. Qxh5+ Rh6 30. Qe2 f5 31. Rfe1 f4 32. Qe4+ Kg7 33. Qe7+ Qxe7 34.
Rxe7+ Kg6 35. Rxb7 Rh7 36. Rxh7 Kxh7 37. g3 g4 38. gxf4 gxh3+ 39. Bg3 Kg6 40.
Kh2 Kf5 41. Kxh3 Ke4 42. Re1+ Kf5 43. Ra1 Bxd4 44. Rxa6 Rg6 45. f3 Rh6+ 46. Kg2
Bxb2 47. Ra5+ Ke6 48. f5+ Kd7 49. Bf4 Rf6 50. Kg3 Bc3 51. Ra7+ Kc6 52. Kg4 Rf8
53. Ra6+ Kb5 54. Rxd6 Rg8+ 55. Bg5 Kc5 56. Rd3 Bb2 57. f4 Kc6 58. Rd2 Ba1 59.
Rd1 Bb2 60. Rb1 Bc3 61. Rc1 1-0

[Event "PRO League Group Stage"]
[Site "chess.com INT"]
[Date "2019.03.12"]
[Round "10"]
[White "Kleinman, Michael"]
[Black "Ali Marandi, Cemil Can"]
[Result "0-1"]
[WhiteTitle "IM"]
[BlackTitle "GM"]
[WhiteElo "2411"]
[BlackElo "2530"]
[WhiteTeam "Montreal Chessbrahs"]
[BlackTeam "Saint Louis Arch Bishops"]
[WhiteFideId "2609479"]
[BlackFideId "6300529"]
[EventDate "2019.01.08"]

1. e4 e5 2. Nf3 Nc6 3. Bb5 a6 4. Ba4 g6 5. d4 exd4 6. Nxd4 Bg7 7. Nxc6 dxc6 8.
Qxd8+ Kxd8 9. O-O Be6 10. Bb3 Bxb3 11. axb3 Ne7 12. Rd1+ Kc8 13. Bg5 Re8 14. Nc3
h6 15. Be3 Ng8 16. Bd4 Bxd4 17. Rxd4 c5 18. Rd3 Nf6 19. f3 b6 20. Rad1 Kb7 21.
g4 Re7 22. Kg2 Nh7 23. Rd8 Rc8 24. R1d7 Rxd8 25. Rxd8 Nf6 26. h4 Rd7 27. Rxd7
Nxd7 28. f4 Kc6 29. Kf3 f6 30. Nd5 Kd6 31. Ne3 Ke6 32. h5 Kf7 33. hxg6+ Kxg6 34.
Nd5 c6 35. Ne7+ Kf7 36. Nf5 Kg6 37. Ke3 Nf8 38. Ne7+ Kf7 39. Nxc6 Ke6 40. b4 Kd6
41. Nb8 a5 42. b5 c4 43. Nc6 Kc5 44. Nd4 c3 45. b3 Nd7 46. Kd3 Kb4 0-1

[Event "PRO League Group Stage"]
[Site "chess.com INT"]
[Date "2019.03.12"]
[Round "10"]
[White "Bloomer, Josh"]
[Black "Rodrigue-Lemieux, Shawn"]
[Result "0-1"]
[BlackTitle "FM"]
[WhiteElo "1950"]
[BlackElo "2293"]
[WhiteTeam "Saint Louis Arch Bishops"]
[BlackTeam "Montreal Chessbrahs"]
[WhiteFideId "2020416"]
[BlackFideId "2620049"]
[EventDate "2019.01.08"]

1. e4 c6 2. d4 d5 3. e5 Bf5 4. Nf3 e6 5. Be2 Bb4+ 6. c3 Ba5 7. O-O Nd7 8. Nbd2
Bc7 9. Re1 f6 10. Nh4 fxe5 11. Nxf5 exf5 12. dxe5 Nxe5 13. Bh5+ Kf8 14. Nb3 Nf6
15. Bf4 Neg4 16. Nd4 Kg8 17. Ne6 Qd7 18. Nxc7 Nxh5 19. Nxa8 Nxf4 20. Qd4 Ne6 21.
Qxa7 Kf7 22. h3 Nf6 23. Rad1 Ne4 24. Nb6 Qc7 25. c4 d4 26. f3 Nf6 27. Rd2 Re8
28. Rde2 d3 29. Rd2 Qg3 30. Red1 Nf4 31. Kf1 Re2 32. Qxb7+ Kg6 0-1

[Event "PRO League Group Stage"]
[Site "chess.com INT"]
[Date "2019.03.12"]
[Round "10"]
[White "Postny, Evgeny"]
[Black "Guseinov, Gadir"]
[Result "1/2-1/2"]
[WhiteTitle "GM"]
[BlackTitle "GM"]
[WhiteElo "2623"]
[BlackElo "2664"]
[WhiteTeam "Pittsburgh Pawngrabbers"]
[BlackTeam "Montclair Sopranos"]
[WhiteFideId "2804344"]
[BlackFideId "13401378"]
[EventDate "2019.01.08"]

1. d4 Nf6 2. c4 g6 3. Nc3 Bg7 4. e4 d6 5. Nf3 O-O 6. h3 e5 7. d5 Nh5 8. g3 Na6
9. Nh2 Nc5 10. Be3 a5 11. Be2 Nf6 12. Bf3 Ne8 13. g4 f5 14. gxf5 gxf5 15. exf5
Bxf5 16. Bxc5 dxc5 17. Be4 Nd6 18. Bxf5 Rxf5 19. Qe2 Qh4 20. Ng4 Raf8 21. Rh2
Rf4 22. Ne3 e4 23. Ncd1 Rf3 24. a4 Kh8 25. Ra3 Be5 26. Rg2 Qxh3 27. Kd2 Nf5 28.
Kc1 Bf4 29. Kb1 Nd4 30. Qf1 Bxe3 31. Rxe3 Qf5 32. Qg1 b6 33. Qh2 Qf4 34. Qh5 Nf5
35. Rg4 Qh6 36. Qxh6 Nxh6 37. Rgxe4 Rxe3 38. Nxe3 Rxf2 39. Re6 Ng8 40. Rc6 Rf7
41. Ng4 h5 42. Ne5 Rh7 43. Ng6+ Kg7 44. Nh4 Kf8 45. d6 cxd6 46. Rxb6 Rg7 47.
Rxd6 Rg4 48. Nf5 h4 49. Rd3 Rf4 50. Nd6 Nf6 51. b3 Ne4 52. Nxe4 Rxe4 53. Rd5 h3
54. Rh5 Re3 55. Kc2 Re2+ 56. Kd3 Rb2 57. Kc3 Rh2 58. Rxc5 Rh1 59. Rh5 Ke7 60.
Kb2 Rh2+ 61. Ka3 Rh1 62. Kb2 Rh2+ 63. Kc3 Rh1 64. Rh6 h2 65. Kb2 Kd7 66. c5 Kc7
67. Ka2 Kb7 68. Kb2 Kc7 69. b4 axb4 70. a5 Rg1 71. Rxh2 Rg5 72. Rh7+ Kc6 73. a6
Rxc5 74. a7 Ra5 75. Kb3 Kb6 76. Kxb4 Rxa7 77. Rh6+ Kb7 78. Rh7+ Kb8 79. Rxa7
Kxa7 1/2-1/2

[Event "PRO League Group Stage"]
[Site "chess.com INT"]
[Date "2019.03.12"]
[Round "10"]
[White "Checa, Nicolas"]
[Black "Erenburg, Sergey"]
[Result "1-0"]
[WhiteTitle "IM"]
[BlackTitle "GM"]
[WhiteElo "2508"]
[BlackElo "2589"]
[WhiteTeam "Montclair Sopranos"]
[BlackTeam "Pittsburgh Pawngrabbers"]
[WhiteFideId "2069342"]
[BlackFideId "2805642"]
[EventDate "2019.01.08"]

1. d4 d5 2. c4 c6 3. Nf3 Nf6 4. e3 a6 5. Bd3 Bg4 6. h3 Bh5 7. O-O e6 8. b3 Nbd7
9. Bb2 Bd6 10. Nbd2 Qb8 11. Re1 O-O 12. Qc2 Bg6 13. Bxg6 hxg6 14. e4 dxe4 15.
Nxe4 Nxe4 16. Qxe4 Nf6 17. Qe2 Rd8 18. a3 a5 19. Rad1 Qc7 20. g3 Rab8 21. Rc1
Qe7 22. c5 Bc7 23. b4 axb4 24. axb4 b5 25. cxb6 Rxb6 26. Ne5 Bxe5 27. dxe5 Nd5
28. Bd4 Rb7 29. Bc5 Qg5 30. h4 Qh5 31. Bd6 Qxe2 32. Rxe2 Ra8 33. Re4 Ra6 34. Kg2
Rab6 35. Rb1 Nc3 36. Rbe1 Nxe4 37. Rxe4 Ra6 38. Rc4 Rb5 39. Bc5 Rb7 40. Rd4 Ra8
41. Rd6 Rc8 42. Rd2 f6 43. f4 Kf7 44. Kf3 Ra8 45. Kg4 Rc8 46. Rd6 Rbc7 47. Rd1
Ke8 48. Ra1 Rd7 49. Bd6 Kf7 50. Ra6 Rb7 51. Ra3 Rd7 52. Ra6 Kg8 53. Ra1 f5+ 54.
Kf3 Rcd8 55. Ra6 Rc8 56. Ke3 Kh7 57. Kd4 Rb7 58. Kc5 Rb5+ 59. Kc4 Kh6 60. Ra7
Rd5 61. Re7 Ra8 62. Rxe6 Ra3 63. Re8 Kh5 64. Rg8 Rad3 65. Bc5 Rxg3 66. e6 Rf3
67. e7 Rxf4+ 68. Kb3 Re4 69. e8=Q Rxe8 70. Rxe8 f4 71. Kc4 f3 72. Rf8 Rf5 73.
Rxf5+ gxf5 74. Bf2 g5 75. hxg5 Kxg5 76. Kd4 Kg4 77. Ke3 Kg5 78. Kxf3 Kf6 79. Kf4
Ke6 80. Bc5 Kf6 81. Bd4+ Ke6 82. Bg1 Kf6 83. Ke3 Ke5 84. Kd3 Kd5 85. Kc3 f4 86.
Bf2 f3 87. Kd3 Ke5 88. Kc4 Kd6 89. Kd4 Kc7 90. Ke4 Kb7 91. Kxf3 Ka6 92. Ke4 Kb5
93. Bc5 Kc4 94. Ke5 Kb5 95. Kd6 Ka6 96. Kc7 Kb5 97. Kb7 Kc4 98. Kxc6 1-0

[Event "PRO League Group Stage"]
[Site "chess.com INT"]
[Date "2019.03.12"]
[Round "10"]
[White "Le, Tuan Minh"]
[Black "Sturt, Raven"]
[Result "0-1"]
[WhiteTitle "IM"]
[BlackTitle "IM"]
[WhiteElo "2515"]
[BlackElo "2429"]
[WhiteTeam "Pittsburgh Pawngrabbers"]
[BlackTeam "Montclair Sopranos"]
[WhiteFideId "12401153"]
[BlackFideId "2007304"]
[EventDate "2019.01.08"]

1. d4 d5 2. c4 c6 3. Nc3 Nf6 4. e3 Bf5 5. cxd5 cxd5 6. Qb3 Nc6 7. Qxb7 Bd7 8.
Qb3 Rb8 9. Qd1 e5 10. Nf3 e4 11. Ne5 Bd6 12. Nxd7 Qxd7 13. Be2 O-O 14. O-O Rfc8
15. f3 Qc7 16. fxe4 Bxh2+ 17. Kh1 Nxe4 18. Nxe4 dxe4 19. Bc4 Nd8 20. b3 Rb6 21.
Rf5 Bg3 22. Rh5 g6 23. Rh3 h5 24. Qc2 Re6 25. Bd2 Kg7 26. Rf1 f5 27. Ba5 Qxa5
28. Rxg3 Rf6 29. Qe2 Nf7 30. Kg1 Rh8 31. Bxf7 Rxf7 32. Qc4 h4 33. Rh3 Qxa2 34.
Qe6 Qa5 35. Rc1 Qd8 36. Rc6 Qf6 37. Qd5 Rd8 38. Qc5 Qe7 39. Qxe7 Rxe7 40. Rxh4
Rb8 41. Rh3 Rb6 42. Rc8 Rxb3 43. Kf2 Rb2+ 44. Kg3 Re2 45. Rc3 Kf6 46. Rh8 Kg5
47. Rhc8 Rb7 48. Rh8 Rbb2 49. Rh2 Rbd2 50. Rh1 Rxg2+ 51. Kh3 Rg4 52. Rhc1 Rdg2 0-1

[Event "PRO League Group Stage"]
[Site "chess.com INT"]
[Date "2019.03.12"]
[Round "10"]
[White "Movsesian, Sergei"]
[Black "Eljanov, Pavel"]
[Result "0-1"]
[WhiteTitle "GM"]
[BlackTitle "GM"]
[WhiteElo "2629"]
[BlackElo "2680"]
[WhiteTeam "London Lions"]
[BlackTeam "Miami Champions"]
[WhiteFideId "310204"]
[BlackFideId "14102951"]
[EventDate "2019.01.08"]

1. Nf3 d5 2. g3 Bg4 3. Bg2 c6 4. O-O e6 5. c4 Nf6 6. d3 Be7 7. Qb3 Qb6 8. Qc2
O-O 9. h3 Bh5 10. Be3 Bc5 11. d4 Be7 12. c5 Qd8 13. Nbd2 Bg6 14. Qb3 b6 15. cxb6
axb6 16. Ne5 c5 17. dxc5 Bxc5 18. Rfc1 Nbd7 19. Ndf3 Be4 20. Nc6 Qc7 21. Qb5
Bxf3 22. exf3 Qd6 23. f4 Bxe3 24. fxe3 Rfc8 25. b4 h6 26. a4 Kh8 27. Rc2 g5 28.
Rac1 Rg8 29. Nd4 gxf4 30. gxf4 Rg3 31. Rc8+ Rxc8 32. Rxc8+ Kg7 33. Kf2 Rg6 34.
Bf3 Ne5 35. fxe5 Qxe5 36. Ke2 Qh2+ 37. Kd3 Qxh3 38. Qxb6 Qf1+ 39. Be2 Qb1+ 40.
Rc2 Ne4 41. Qb7 Nf2+ 42. Kd2 Ne4+ 43. Kd3 Nc5+ 44. bxc5 Qxb7 45. c6 Qc8 46. c7
e5 47. Nb5 Ra6 48. Bg4 Qxg4 49. c8=Q Qxc8 50. Rxc8 Rxa4 51. Rc5 d4 52. e4 f6 53.
Nd6 Kg6 54. Rc8 Kg5 55. Rf8 Ra6 56. Ne8 h5 57. Ke2 h4 58. Rh8 Ra8 59. Rg8+ Kh6
60. Nxf6 Rxg8 61. Nxg8+ Kg5 62. Ne7 h3 63. Nf5 Kf4 64. Kf2 Kxe4 65. Ng3+ Kd3 66.
Kf3 h2 67. Kg2 Kc2 68. Kxh2 d3 69. Kg2 d2 70. Nf1 Kd3 0-1

[Event "PRO League Group Stage"]
[Site "chess.com INT"]
[Date "2019.03.12"]
[Round "10"]
[White "Iturrizaga Bonelli, Eduardo"]
[Black "Ghasi, Ameet K"]
[Result "1-0"]
[WhiteTitle "GM"]
[BlackTitle "IM"]
[WhiteElo "2637"]
[BlackElo "2505"]
[WhiteTeam "Miami Champions"]
[BlackTeam "London Lions"]
[WhiteFideId "3901211"]
[BlackFideId "409200"]
[EventDate "2019.01.08"]

1. c4 g6 2. Nc3 Bg7 3. g3 Nf6 4. Bg2 O-O 5. d4 Nc6 6. e4 e5 7. dxe5 Nxe5 8. b3
d6 9. h3 a6 10. a4 Nfd7 11. Nge2 Nc5 12. O-O f5 13. exf5 Bxf5 14. Be3 Nc6 15.
Ra2 Re8 16. Kh2 Qf6 17. Nd5 Qf7 18. b4 Ne4 19. Qb3 h5 20. b5 axb5 21. axb5 Na5
22. Qb4 b6 23. Nd4 Bd7 24. Nxc7 Rac8 25. Nxe8 Qxe8 26. Nc6 Bc3 27. Qb1 Bf5 28.
Qd1 Nxc4 29. Qd5+ Be6 30. Qxe4 Nxe3 31. Qxe3 Bxa2 32. Ne7+ 1-0

[Event "PRO League Group Stage"]
[Site "chess.com INT"]
[Date "2019.03.12"]
[Round "10"]
[White "Haria, Ravi"]
[Black "Wang, Tianqi"]
[Result "1-0"]
[WhiteTitle "IM"]
[WhiteElo "2450"]
[BlackElo "2329"]
[WhiteTeam "London Lions"]
[BlackTeam "Miami Champions"]
[WhiteFideId "415820"]
[BlackFideId "2063824"]
[EventDate "2019.01.08"]

1. Nf3 Nf6 2. g3 e6 3. Bg2 c5 4. O-O Qc7 5. c4 a6 6. b3 b6 7. Bb2 Be7 8. Nc3 Bb7
9. d4 cxd4 10. Nxd4 O-O 11. e3 Bxg2 12. Kxg2 Nc6 13. Nxc6 Qxc6+ 14. Qf3 b5 15.
Qxc6 dxc6 16. cxb5 cxb5 17. Ne2 Nd5 18. Rfd1 Rfc8 19. Rac1 Bf6 20. Bxf6 gxf6 21.
e4 Nb4 22. a3 Nc2 23. Rd6 Kf8 24. Rb6 Ke7 25. Rd1 Rc7 26. a4 bxa4 27. bxa4 Na3
28. Rdd6 a5 29. Ra6 Rb8 30. Rd3 Nc4 31. Rc3 Rbc8 32. Nd4 Nd6 33. Rxc7+ Rxc7 34.
Nb5 Nxb5 35. axb5 Rc4 36. Rxa5 Rxe4 37. Ra7+ Kf8 38. b6 Rb4 39. b7 Kg7 40. Kf3
f5 41. Ke3 e5 42. Kd3 Kf6 43. Kc3 Rb1 44. Kc4 Ke6 45. Kc5 Rc1+ 46. Kb6 Rb1+ 47.
Kc7 Rc1+ 48. Kd8 Rd1+ 49. Ke8 Rb1 50. Ra6+ Kd5 51. Rf6 Rxb7 52. Rxf7 Rb8+ 53.
Ke7 Ke4 54. Kf6 f4 55. Rxh7 Rb6+ 56. Kg5 Rb2 57. gxf4 exf4 58. Re7+ Kf3 59. Rf7
Rb5+ 60. Rf5 Rb8 61. Rxf4+ Kg2 62. h4 Rg8+ 63. Kh6 Kh3 64. h5 Rh8+ 65. Kg6 Rg8+
66. Kf7 Rh8 67. Kg6 Rg8+ 68. Kh7 Rg5 69. h6 Kh2 70. Kh8 Rg6 71. h7 Kg2 72. Rf8
Kf1 73. Rg8 Ra6 74. Kg7 Ra7+ 75. Kg6 Ra6+ 76. Kf5 1-0

[Event "PRO League Group Stage"]
[Site "chess.com INT"]
[Date "2019.03.12"]
[Round "10"]
[White "Moranda, Wojciech"]
[Black "Robson, Ray"]
[Result "1/2-1/2"]
[WhiteTitle "GM"]
[BlackTitle "GM"]
[WhiteElo "2593"]
[BlackElo "2667"]
[WhiteTeam "New York Marshalls"]
[BlackTeam "Webster Windmills"]
[WhiteFideId "1122401"]
[BlackFideId "2023970"]
[EventDate "2019.01.08"]

1. d4 d5 2. c4 c6 3. Nf3 Nf6 4. Nc3 e6 5. e3 Nbd7 6. Qc2 Bd6 7. Bd2 O-O 8. h3 b6
9. cxd5 exd5 10. Bd3 Bb7 11. g4 g6 12. O-O-O c5 13. Rdg1 Rc8 14. Kb1 Ne4 15. Be1
cxd4 16. Nxd4 Ne5 17. h4 Bb4 18. h5 Bxc3 19. bxc3 Qe7 20. f3 Nxd3 21. Qxd3 Nc5
22. Qd2 Na4 23. Qc2 Rc4 24. hxg6 fxg6 25. Rh6 Rfc8 26. Rgh1 Nxc3+ 27. Bxc3 Rxc3
28. Rxg6+ Kh8 29. Qb2 Qxe3 30. Nf5 Qd3+ 31. Ka1 Rc7 32. Re6 Kg8 33. Re3 Qc2 34.
Qxc2 Rxc2 35. Re8+ Kf7 36. Nd6+ Kg7 37. Nf5+ Kf7 38. Nd6+ Kg7 39. Nf5+ Kf7 1/2-1/2

[Event "PRO League Group Stage"]
[Site "chess.com INT"]
[Date "2019.03.12"]
[Round "10"]
[White "Durarbayli, Vasif"]
[Black "Azarov, Sergei"]
[Result "1-0"]
[WhiteTitle "GM"]
[BlackTitle "GM"]
[WhiteElo "2620"]
[BlackElo "2575"]
[WhiteTeam "Webster Windmills"]
[BlackTeam "New York Marshalls"]
[WhiteFideId "13402935"]
[BlackFideId "13501470"]
[EventDate "2019.01.08"]

1. e4 e5 2. Nf3 Nc6 3. Bb5 a6 4. Ba4 Nf6 5. d3 b5 6. Bb3 Be7 7. O-O O-O 8. Re1
d6 9. c3 Na5 10. Bc2 c5 11. d4 Qc7 12. d5 Nc4 13. h3 Nb6 14. Nbd2 Re8 15. Nf1
Bf8 16. g4 c4 17. Ng3 a5 18. Kh2 Nfd7 19. Nh4 Nc5 20. Nhf5 b4 21. Be3 Ba6 22.
Rg1 Nd3 23. Rb1 Nd7 24. Nh5 N7c5 25. Qf3 Rab8 26. g5 Kh8 27. Nf6 g6 28. Rg4 Nd7
29. Rh4 Nxf6 30. gxf6 Qd8 31. Nh6 Rb7 32. Ba4 Nf4 33. Bxf4 exf4 34. Qxf4 bxc3
35. bxc3 Ra7 36. Bxe8 Qxe8 37. f3 Rb7 38. Rxb7 Bxb7 39. Kg2 Bc8 40. Qe3 Bd7 41.
Qa7 Bxh6 42. Rxh6 Qd8 43. Kf2 Qxf6 44. Qd4 Qxd4+ 45. cxd4 Kg7 46. Rh4 g5 47. Rg4
Bxg4 48. fxg4 f6 49. Ke3 Kf7 50. Kd2 Ke7 51. Kc3 1-0

[Event "PRO League Group Stage"]
[Site "chess.com INT"]
[Date "2019.03.12"]
[Round "10"]
[White "Khamrakulov, Djurabek"]
[Black "Nyzhnyk, Illya"]
[Result "1-0"]
[WhiteTitle "GM"]
[BlackTitle "GM"]
[WhiteElo "2503"]
[BlackElo "2624"]
[WhiteTeam "New York Marshalls"]
[BlackTeam "Webster Windmills"]
[WhiteFideId "14201143"]
[BlackFideId "14118084"]
[EventDate "2019.01.08"]

1. e4 e5 2. Nf3 Nf6 3. Nc3 Nc6 4. d4 exd4 5. Nxd4 Bb4 6. Nxc6 bxc6 7. Bd3 O-O 8.
O-O d5 9. exd5 cxd5 10. h3 h6 11. Qf3 Be6 12. Ne2 c5 13. c3 Ba5 14. Be3 Bb6 15.
Rad1 Re8 16. Nf4 Qe7 17. Bb5 Rec8 18. Rfe1 a6 19. Ba4 Rab8 20. Bc2 c4 21. Rd2
Rc6 22. Bxb6 Rcxb6 23. b4 cxb3 24. Bxb3 Qc5 25. Nxd5 Bxd5 26. Bxd5 Rb1 27. Rxb1
Rxb1+ 28. Kh2 Qc7+ 29. g3 Rc1 30. c4 Qe5 31. Re2 Qd4 32. Re7 Qd1 33. Bxf7+ Kf8
34. Qxd1 Rxd1 35. Rc7 Rd2 36. Kg2 Rxa2 37. c5 Rd2 38. Bg6 Rd8 39. c6 Nd5 40.
Rf7+ Kg8 41. Rd7 1-0

[Event "PRO League Group Stage"]
[Site "chess.com INT"]
[Date "2019.03.12"]
[Round "10"]
[White "Grabinsky, Joshua"]
[Black "Griffith, Kyron"]
[Result "1/2-1/2"]
[WhiteTitle "CM"]
[BlackTitle "FM"]
[WhiteElo "2078"]
[BlackElo "2340"]
[WhiteTeam "Webster Windmills"]
[BlackTeam "New York Marshalls"]
[WhiteFideId "30919754"]
[BlackFideId "2046318"]
[EventDate "2019.01.08"]

1. d4 d5 2. Bf4 Nf6 3. e3 g6 4. h3 Bg7 5. Nf3 O-O 6. Nbd2 c6 7. Bd3 Nbd7 8. Qe2
Qb6 9. O-O-O Re8 10. Ne5 c5 11. c3 c4 12. Bb1 Nxe5 13. Bxe5 Be6 14. h4 Bf5 15.
e4 Nxe4 16. Nxe4 Bxe4 17. Bxe4 dxe4 18. Bxg7 Kxg7 19. Qxc4 Rac8 20. Qb3 Qf6 21.
Qc2 Qf4+ 22. Qd2 e5 23. dxe5 Qxe5 24. h5 e3 25. fxe3 gxh5 26. Qd4 Rc5 27. Qxe5+
Rcxe5 28. Rd7 R8e7 29. Rxe7 Rxe7 30. Kd2 Kg6 31. c4 Re4 32. Kd3 Rg4 33. Rh2 f5
34. b4 h4 35. a3 Kf6 36. c5 Ke5 37. Rh1 h5 38. Rc1 Rxg2 39. b5 Rg8 40. c6 bxc6
41. bxc6 Rc8 42. Rc4 h3 43. Rh4 Rxc6 44. Rxh5 Ra6 45. Rxh3 Rxa3+ 46. Ke2 a5 47.
Rh4 Ra2+ 48. Kf3 Ra1 49. Rc4 a4 50. Rc5+ Ke6 51. Kf4 a3 52. Ra5 a2 53. Ra6+ Kd5
54. Ra5+ Kd6 55. Ra6+ Kd5 56. Ra5+ Kc4 57. Ke5 Kd3 58. Ra3+ Kc2 59. Ra8 f4 60.
exf4 Re1+ 61. Kf6 a1=Q+ 62. Rxa1 Rxa1 63. Kg6 Kd3 64. f5 Ke4 65. f6 Ke5 66. f7
Rf1 67. Kg7 Rg1+ 68. Kh7 Rf1 69. Kg7 Rg1+ 70. Kh7 Rh1+ 71. Kg7 Rg1+ 72. Kh7 Rf1
73. Kg7 Ke6 74. f8=Q Rxf8 75. Kxf8 1/2-1/2